=LDR 00000nam 2200000 4500 =001 INLIS000000000053340 =005 20200526085551 =035 ##$$a 0010-0518000050 =007 ta =008 200526################g##########0#ind## =020 ##$$a 979-421-664-X =082 ##$$a 2x3.4 =084 ##$$a 2x3.4 CHO k =100 #$$a Chodkiewiez, Michel =245 1#$$a Konsep Ibn 'Arabi tentang kenabian dan aulia /$c Michel Chodkiewiez =260 ##$$a Jakarta :$b Raja grafindo,$c 1999 =300 ##$$a xxxiii, 319 hlm ; $c 18 x 10 cm =650 #4$$a islam - kenabian =990 ##$$a 152.021 pb.2000